Xadrez: não deixe te comer #4 - Sudden Death - Statistics

Estatísticas Gerais
  • Esse quiz foi jogado 51 vezes
  • A pontuação média é 3 de 7
Answers on the Grid
Answers color-coded by a green-red scale on the quiz's grid according to % correct below.
a8
b8
c8
d8
e8
f8
g8
h8
a7
c7
d7
e7
f7
h7
a6
b6
c6
d6
e6
f6
g6
h6
a5
b5
c5
f5
g5
h5
a4
b4
c4
f4
g4
h4
a3
b3
c3
d3
e3
f3
g3
h3
a2
c2
d2
e2
f2
h2
a1
b1
c1
d1
e1
f1
g1
h1
 
Estatísticas das Respostas
Resposta % Correto
a8
67%
c8
60%
h8
60%
h3
47%
a6
40%
f8
40%
h6
27%
Nenhum quiz correspondente encontrado
Distribuição das Pontuações
Porcentagem de Pessoas com Cada Pontuação
Percentil de Números Respondidos
Sua Pontuação Histórica
Você não jogou esse quiz